00740nam a2200169Ia 4500952009600000999001700096008004100113082002000154100003600174245009100210260009800301300001800399519004300417650005100460650005200511942000700563 00104070a01b01d2007-01-25l0o079.7252 G165pp01 005496r2012-06-24t1w2012-06-24yLB c58541d58541120622s9999 xx 000 0 und d a079.7252bG165p aGarcía Luna, Margaritaeautor aLa prensa del Estado de Méxicob: en el siglo diecinuevec / Margarita García Luna aMéxicob : Gobierno del Estado de Méxicob: Universidad Autónoma del Estado de México a141 páginas aMaterial Complementario /d(01 005496)14aPRENSAxMÉXICO (ESTADO)xHISTORIAzSIGLO XIX24aDIARIOSxMÉXICO (ESTADO)xHISTORIAzSIGLO XIX cLB